WINNING AMIDST UNEXPECTED UNKNOWNS (Record no. 2473)

MARC details
000 -LEADER
fixed length control field 00363nam a2200133Ia 4500
008 - FIXED-LENGTH DATA ELEMENTS--GENERAL INFORMATION
fixed length control field 240624s9999 xx 000 0 und d
041 ## - LANGUAGE CODE
Language code of text/sound track or separate title eng
082 ## - DEWEY DECIMAL CLASSIFICATION NUMBER
Classification number 658.4012 IND
100 ## - MAIN ENTRY--PERSONAL NAME
Personal name SINGH KAMAL
245 ## - TITLE STATEMENT
Title WINNING AMIDST UNEXPECTED UNKNOWNS
260 ## - PUBLICATION, DISTRIBUTION, ETC.
Date of publication, distribution, etc. 2003
Place of publication, distribution, etc. New Delhi
Name of publisher, distributor, etc. All India Management Association
300 ## - PHYSICAL DESCRIPTION
Extent xxix, : 185 : p. : cm. ; 21
365 ## - TRADE PRICE
Currency code RS
Holdings
Withdrawn status Lost status Damaged status Not for loan Home library Current library Shelving location Date acquired Source of acquisition Cost, normal purchase price Total Holds Full call number Barcode Date last seen Copy number Price effective from Koha item type
        IMTN IMTN Rack 28-B 04/25/2005 EB 250.00 8872 658.4012 IND 2473 06/24/2024 1 06/24/2024 Books
Designed & Maintained by: LRC IMT Nagpur Contact: lrc@imtnag.ac.in© 2024. All Rights Reserved.